Introduction to Mordern Nigeria Legal Method (Record no. 31470)

MARC details
000 -LEADER
fixed length control field 00426nam a2200181Ia 4500
020 ## - INTERNATIONAL STANDARD BOOK NUMBER
ISBN 978-978-088-508-3
050 ## - CALL MARK
Classification number KP 61 .D3/
100 ## - STATEMENT OF RESPONSIBILITY--MAIN AUTHOR NAME
Personal name Danladi K.m
245 #0 - TITLE STATEMENT
Title Introduction to Mordern Nigeria Legal Method
260 ## - PUBLICATION, DISTRIBUTION, ETC. (IMPRINT)
Place of publication Kaduna
260 ## - PUBLICATION, DISTRIBUTION, ETC. (IMPRINT)
Name of publisher Enifab
260 ## - PUBLICATION, DISTRIBUTION, ETC. (IMPRINT)
Year of publication 2018
300 ## - PHYSICAL DESCRIPTION
Number of Pages 420 p
650 ## - SUBJECT ADDED ENTRY--TOPICAL TERM
Topical Term Legal system.
942 ## - ADDED ENTRY ELEMENTS (KOHA)
Koha item type Books
Holdings
Withdrawn status Lost status Source of classification or shelving scheme Damaged status Not for loan Permanent Location Current Location Shelving location Date acquired Accession Number Price effective from Koha item type
    Library of Congress Classification     Law Library Law Library Items on shelf 04/23/2025 0187882 04/23/2025 Books